MARC details
| 000 -LEADER |
| campo de control de longitud fija |
01455nkm a22002417a 4500 |
| 001 - NÚMERO DE CONTROL |
| campo de control |
85828 |
| 005 - FECHA Y HORA DE LA ÚLTIMA TRANSACCIÓN |
| campo de control |
20260429094750.0 |
| 007 - CAMPO FIJO DE DESCRIPCIÓN FÍSICA--INFORMACIÓN GENERAL |
| campo de control de longitud fija |
kh bo |
| 008 - DATOS DE LONGITUD FIJA--INFORMACIÓN GENERAL |
| campo de control de longitud fija |
260421s1981 sp ||||| |||| |0| i|spa d |
| 040 ## - FUENTE DE CATALOGACIÓN |
| Centro catalogador/agencia de origen |
M-RABA |
| Lengua de catalogación |
spa |
| Centro/agencia transcriptor |
M-RABA |
| 245 01 - MENCIÓN DEL TÍTULO |
| Título |
[Estatua ecuestre a Hernando de Soto] |
| Medio |
[Material gráfico] |
| 260 ## - PUBLICACIÓN, DISTRIBUCIÓN, ETC. |
| Fecha de publicación, distribución, etc. |
[ca. 1981] |
| 300 ## - DESCRIPCIÓN FÍSICA |
| Extensión |
1 fotografía |
| Otras características físicas |
: impresión fotomecánica |
| Dimensiones |
; 23 x 30 cm |
| 500 00 - NOTA GENERAL |
| Nota general |
Fotografía de la estatua ecuestre a Hernando de Soto, realizada por el escultor español Enrique Pérez Comendador. |
| 500 00 - NOTA GENERAL |
| Nota general |
Nota manuscrita a tinta en el verso de la imagen: "Estatua ecuestre de bronce de Enrique Pérez Comendador -Roma-. Hernando de Soto, una está en Bradenton -Florida. 1972 -U.S.A. Otra en réplica -en Badajoz -Junio 1981. España". Nota manuscrita a lápiz en el verso de la imagen: "Llega al Archivo entre un papel de D. Luis Blanco Soler, entregado 27 junio 1988". |
| 600 17 - PUNTO DE ACCESO ADICIONAL DE MATERIA--NOMBRE DE PERSONA |
| Nombre de persona |
Soto, Hernando de ( |
| Fechas asociadas al nombre |
ca. 1500-1542) |
| 9 (RLIN) |
70871 |
| 600 17 - PUNTO DE ACCESO ADICIONAL DE MATERIA--NOMBRE DE PERSONA |
| Nombre de persona |
Pérez Comendador, Enrique ( |
| Fechas asociadas al nombre |
1900-1981) |
| 9 (RLIN) |
29818 |
| 655 #0 - TERMINO DE INDIZACIÓN--GENERO/FORMA |
| Datos o término principal de género/forma |
Fotografías de monumentos |
| 9 (RLIN) |
111580 |
| 852 ## - LOCALIZACIÓN |
| Número de control de estantería |
Fot-729 |
| 856 ## - LOCALIZACIÓN Y ACCESO ELECTRÓNICOS |
| Identificador Uniforme de Recurso |
<a href="https://archivoybiblioteca.realacademiabellasartessanfernando.com/cgi-bin/koha/opac-retrieve-file.pl?id=6d0104bc1703908dad802277bd010ec5">https://archivoybiblioteca.realacademiabellasartessanfernando.com/cgi-bin/koha/opac-retrieve-file.pl?id=6d0104bc1703908dad802277bd010ec5</a> |
| Texto de enlace |
Fot-729r |
| 856 ## - LOCALIZACIÓN Y ACCESO ELECTRÓNICOS |
| Identificador Uniforme de Recurso |
<a href="https://archivoybiblioteca.realacademiabellasartessanfernando.com/cgi-bin/koha/opac-retrieve-file.pl?id=ced49c554aa1bc0d9884beac834de696">https://archivoybiblioteca.realacademiabellasartessanfernando.com/cgi-bin/koha/opac-retrieve-file.pl?id=ced49c554aa1bc0d9884beac834de696</a> |
| Texto de enlace |
Fot-729v |
| 942 ## - ELEMENTOS DE ENTRADA SECUNDARIOS (KOHA) |
| Tipo de ítem Koha |
Fotografías |
| Suprimir en OPAC |
No |